000 01298nam a22002657a 4500
005 20170124103203.0
010 _aA-428032
020 _c150.00
035 _aA-428032
037 _bCen Lib/Ret
040 _aDPL
_bHN
082 _a954.0136325
_bत्रिवेदी
100 _aत्रिवेदी, सत्यदेव
_992745
245 _aप्राचीन भारत में गुप्तचर सेवा /
_cसत्यदेव त्रिवेदी
246 _aPrachin bharat mein guptchar seva /
_bby Satya Dev Trivedi
260 _aनई दिल्ली
_bअनुपम प्रकाशन संस्थान
_c1985
270 _bनई दिल्ली
_aअसफ अली रोड
_e110002
300 _aभिन्न पृ.
_c21सेमी (सजिल्द)
500 _aसन्दर्भ सूची शामिल
650 _aगुप्तचर सेवा -- इतिहास -- भारत
_992746
650 _aगुप्तचर सेवा -- प्राचीन भारत
_992747
650 _aIntelligence service -- History -- India
_992748
650 _aSecret Service -- Ancient Indian
_992749
942 _2ddc
_cHN
_h954.0136325
_mत्रिवेदी
999 _c120818
_d120818